Čím byť? Úlohy výchovného poradenstva

Bibliographic Details
Main Author: Vargová, Alica (Author)
Format: Article
Language:Slovak
Subjects:

MARC

LEADER 00000nab a2200000 a 4500
001 vtls000019751
003 SK-MaSNL
005 20260303230551.0
008 160211c1979 xo 0 slo
015 |a SNBRB19rr/mm-uuuuu 
035 |a CL0029845 
040 |a SNKBUCL  |b slo  |c SNKBUCL  |e AACR2 
041 0 |a slo 
044 |a xo  |c SK 
080 |a 37.04  |2 1981 
100 1 |a Vargová, Alica  |4 aut  |9 865595 
245 1 0 |a Čím byť?  |b Úlohy výchovného poradenstva  |c Alica Vargová 
650 0 7 |a výchovné poradenstvo  |2 snkbucl  |9 3605 
655 7 |a články z novín a časopisov  |2 snkbucl  |9 267496 
773 0 |t Práca  |g Roč. 34, č. 39 (15. 2. 1979), s. 4 
850 |a Slovenská národná knižnica v Martine  |a MTA001 
852 |a SNK  |b KIS3GCP 
958 |a RK 
992 |a RBX 
999 |c 2262829  |d 2264759